[Event "Bryansk Zilberstein Memorial 5th"]
[Site "Bryansk"]
[Date "2021.07.29"]
[Round "4"]
[White "Geller, Jakov"]
[Black "Badelka, Olga"]
[Result "0-1"]
[WhiteElo "2521"]
[BlackElo "2418"]
[PlyCount "66"]
[EventDate "2021.07.29"]
[EventType "swiss (rapid)"]
[EventRounds "11"]
[EventCountry "RUS"]
[SourceTitle "CBM 203 Extra"]
[Source "ChessBase"]
[SourceDate "2021.09.30"]
[SourceVersion "1"]
[SourceVersionDate "2021.09.30"]
[SourceQuality "1"]

1. e4 c5 2. Nf3 d6 3. d4 cxd4 4. Nxd4 Nf6 5. Nc3 Nc6 6. Bg5 e6 7. Qd2 a6 8. 0-0-0 Bd7 9. f4 Be7 10. Nf3 b5 11. Bxf6 gxf6 12. Kb1 Qb6 13. f5 0-0-0 14. fxe6 fxe6 15. Ne2 Kb8 16. Nfd4 Rhe8 17. g3 Bf8 18. Bh3 Ne5 19. Nf4 Nc4 20. Qe2 d5 21. exd5 exd5 22. Qh5 Bxh3 23. Qxh3 Ne3 24. Rd3 Bc5 25. Nfe6 Bxd4 26. Nxd4 Re4 27. c3 b4 28. Rc1 Nc4 29. Nb3 Re2 30. cxb4 Rxb2+ 31. Ka1 Qf2 32. Rxc4 Rxa2+ 33. Kb1 Qb2# 0-1

[Event "Titled Tuesday intern op 09th Mar"]
[Site "Chess.com INT"]
[Date "2021.03.09"]
[Round "6"]
[White "Geller, Jakov"]
[Black "Balla, Tamas Kristof"]
[Result "1-0"]
[WhiteElo "2521"]
[BlackElo "2336"]
[PlyCount "129"]
[EventDate "2021.03.09"]
[EventType "swiss (blitz)"]
[EventRounds "11"]
[EventCountry "USA"]
[SourceTitle "CBM 201 Extra"]
[Source "ChessBase"]
[SourceDate "2021.05.31"]
[SourceVersion "1"]
[SourceVersionDate "2021.05.31"]
[SourceQuality "1"]

1. e4 c5 2. Nf3 e6 3. d4 cxd4 4. Nxd4 a6 5. Bd3 Bc5 6. Nb3 Ba7 7. 0-0 d6 8. Qg4 Nf6 9. Qxg7 Rg8 10. Qh6 Rg6 11. Qh4 e5 12. Bg5 h6 13. Bxf6 Rxf6 14. Nc3 Be6 15. Nd5 Rg6 16. Qxd8+ Kxd8 17. Rad1 Bh3 18. g3 Bxf1 19. Bxf1 Nc6 20. c3 Ne7 21. Na5 Nxd5 22. Rxd5 Kc7 23. Bh3 Rf6 24. Bf5 h5 25. h4 Rd8 26. a4 Rg8 27. Kg2 Rd8 28. Nc4 Rh6 29. a5 Rhh8 30. Kf3 Rhg8 31. Ke2 Rg7 32. Nd2 Bc5 33. Nf3 f6 34. b4 Ba7 35. Nd2 b5 36. axb6+ Bxb6 37. Bh3 Kb7 38. Nc4 Bc7 39. Bg2 Rgd7 40. Bf3 Rh7 41. Ne3 Ra8 42. Nc4 Kc6 43. Ke1 Rb8 44. Bd1 Rd8 45. Ke2 Kb7 46. Ne3 Ra8 47. Nc4 Rd8 48. Kd3 Kc6 49. Ba4+ Kb7 50. b5 axb5 51. Rxb5+ Ka7 52. Rb1 Rb8 53. Rd1 Kb7 54. Ne3 Ra8 55. Bb3 Ra3 56. Bd5+ Kc8 57. Nc4 Ra7 58. Rb1 Kd8 59. Ne3 Ra3 60. Rb7 Rd7 61. Be6 Re7 62. Bd5 Rd7 63. Nc2 Ba5 64. Rxd7+ Kxd7 65. Nxa3 1-0

[Event "Titled Tuesday intern op 09th Mar"]
[Site "Chess.com INT"]
[Date "2021.03.09"]
[Round "3"]
[White "Geller, Jakov"]
[Black "Ibrahimli, Murad Sultanali"]
[Result "0-1"]
[WhiteElo "2521"]
[BlackElo "2436"]
[PlyCount "98"]
[EventDate "2021.03.09"]
[EventType "swiss (blitz)"]
[EventRounds "11"]
[EventCountry "USA"]
[SourceTitle "CBM 201 Extra"]
[Source "ChessBase"]
[SourceDate "2021.05.31"]
[SourceVersion "1"]
[SourceVersionDate "2021.05.31"]
[SourceQuality "1"]

1. e4 e5 2. Nf3 Nc6 3. Bc4 Bc5 4. d3 Nf6 5. 0-0 d6 6. c3 0-0 7. h3 h6 8. a4 a6 9. Re1 Ba7 10. Nbd2 Ne7 11. Nf1 Ng6 12. Ng3 c6 13. Bb3 Re8 14. d4 exd4 15. cxd4 c5 16. a5 cxd4 17. Nxd4 d5 18. Ndf5 Nxe4 19. Nxe4 Bxf5 20. Qxd5 Be6 21. Qxd8 Raxd8 22. Bxe6 Rxe6 23. Be3 Rxe4 24. Bxa7 Rb4 25. Re2 Rd7 26. g3 f6 27. Bc5 Rb5 28. b4 Ne5 29. Kg2 Nd3 30. Re8+ Kh7 31. Rc8 Nxb4 32. h4 Nc6 33. Bf8 Rxa5 34. Re1 Re5 35. Rb1 Rd8 36. Rxd8 Nxd8 37. Bd6 Rd5 38. Bc7 b5 39. Ra1 Ne6 40. Bb6 Rd6 41. Be3 h5 42. Kf3 Kg6 43. Ke4 Nd8 44. Bc5 Re6+ 45. Kd5 Kf5 46. f3 Re5+ 47. Kd6 Nb7+ 48. Kc6 Nxc5 49. f4 Nb3 0-1

[Event "Titled Tuesday intern op 09th Mar"]
[Site "Chess.com INT"]
[Date "2021.03.09"]
[Round "7"]
[White "Geller, Jakov"]
[Black "Kholin, Aleksandr1"]
[Result "1-0"]
[WhiteElo "2521"]
[BlackElo "2405"]
[PlyCount "117"]
[EventDate "2021.03.09"]
[EventType "swiss (blitz)"]
[EventRounds "11"]
[EventCountry "USA"]
[SourceTitle "CBM 201 Extra"]
[Source "ChessBase"]
[SourceDate "2021.05.31"]
[SourceVersion "1"]
[SourceVersionDate "2021.05.31"]
[SourceQuality "1"]

1. e4 c6 2. d4 d5 3. exd5 cxd5 4. c3 Nf6 5. Bf4 Bf5 6. Bd3 Bxd3 7. Qxd3 Nc6 8. Nf3 e6 9. Nbd2 Bd6 10. Bxd6 Qxd6 11. 0-0 0-0 12. Rfe1 Nd7 13. Re3 h6 14. h4 Rfe8 15. Rae1 b5 16. b4 a5 17. a3 axb4 18. axb4 Qb8 19. Nb3 Ra3 20. Qb1 Qc7 21. Nc5 Nxc5 22. dxc5 Rea8 23. Nd4 Nxd4 24. cxd4 Qf4 25. Rxa3 Rxa3 26. Qc1 Qxc1 27. Rxc1 Kf8 28. c6 Ra8 29. Rc5 Rc8 30. Kf1 Ke7 31. Rxb5 Rxc6 32. Rb7+ Kf6 33. Ke2 g5 34. h5 Rc2+ 35. Ke3 Rb2 36. g4 Rb1 37. Kd3 Rb2 38. Kc3 Rxf2 39. b5 Rf1 40. Kb4 Rb1+ 41. Kc5 Rc1+ 42. Kd6 Rd1 43. Ra7 Rxd4 44. b6 Rxg4 45. Kc5 Rc4+ 46. Kb5 Rc1 47. Ra4 Rc8 48. b7 Rb8 49. Kc6 Ke5 50. Ra8 Rxb7 51. Kxb7 g4 52. Kc6 f5 53. Rh8 g3 54. Rxh6 f4 55. Rg6 Kf5 56. Rg8 d4 57. h6 g2 58. h7 f3 59. h8Q 1-0

[Event "Titled Tuesday intern op 09th Mar"]
[Site "Chess.com INT"]
[Date "2021.03.09"]
[Round "10"]
[White "Geller, Jakov"]
[Black "Mortazavi, Ali"]
[Result "0-1"]
[WhiteElo "2521"]
[BlackElo "2333"]
[PlyCount "84"]
[EventDate "2021.03.09"]
[EventType "swiss (blitz)"]
[EventRounds "11"]
[EventCountry "USA"]
[SourceTitle "CBM 201 Extra"]
[Source "ChessBase"]
[SourceDate "2021.05.31"]
[SourceVersion "1"]
[SourceVersionDate "2021.05.31"]
[SourceQuality "1"]

1. e4 c6 2. d4 d5 3. exd5 cxd5 4. c3 Nc6 5. Bf4 g6 6. h3 Bg7 7. Nf3 Bf5 8. Bd3 Nf6 9. 0-0 0-0 10. Re1 Ne4 11. Qe2 Qb6 12. a4 Na5 13. Na3 a6 14. g4 Be6 15. Bxe4 dxe4 16. Ng5 Bd5 17. b4 Nc6 18. a5 Qd8 19. Nxe4 f5 20. gxf5 Rxf5 21. Bg3 e5 22. Nc4 exd4 23. Ncd6 dxc3 24. Nxf5 gxf5 25. Nd6 Nd4 26. Qd3 Nf3+ 27. Kf1 Nd2+ 28. Kg1 Nf3+ 29. Kf1 Nd2+ 30. Kg1 Bc6 31. Re3 Qf6 32. Rae1 h6 33. Re6 Qg5 34. R1e3 Rd8 35. Qc4 Kh7 36. Nf7 Nxc4 37. Nxg5+ hxg5 38. Re1 f4 39. Bh2 Nd2 40. Re7 Nf3+ 41. Kf1 Nxh2+ 42. Ke2 Rd2# 0-1

[Event "Titled Tuesday intern op 09th Mar"]
[Site "Chess.com INT"]
[Date "2021.03.09"]
[Round "4"]
[White "Kepeshchuk, Mykhaylo"]
[Black "Geller, Jakov"]
[Result "0-1"]
[WhiteElo "2269"]
[BlackElo "2521"]
[PlyCount "56"]
[EventDate "2021.03.09"]
[EventType "swiss (blitz)"]
[EventRounds "11"]
[EventCountry "USA"]
[SourceTitle "CBM 201 Extra"]
[Source "ChessBase"]
[SourceDate "2021.05.31"]
[SourceVersion "1"]
[SourceVersionDate "2021.05.31"]
[SourceQuality "1"]

1. d4 d5 2. c4 e6 3. g3 dxc4 4. Bg2 c6 5. Nf3 b5 6. 0-0 Bb7 7. Nc3 Nf6 8. e4 Nbd7 9. e5 Nd5 10. Ng5 Be7 11. Qh5 g6 12. Qh6 Bf8 13. Qh3 h5 14. Re1 Be7 15. Nce4 Qb6 16. Nd6+ Bxd6 17. exd6 Nf8 18. Nxe6 fxe6 19. Rxe6+ Kf7 20. Bxd5 cxd5 21. Re7+ Kg8 22. Bf4 Rh7 23. Rae1 Rd8 24. Qh4 Rxd6 25. Rxh7 Nxh7 26. Re8+ Nf8 27. Qe7 Rf6 28. Bh6 Qxd4 0-1

[Event "Titled Tuesday intern op 09th Mar"]
[Site "Chess.com INT"]
[Date "2021.03.09"]
[Round "5"]
[White "Khusnutdinov, Rustam"]
[Black "Geller, Jakov"]
[Result "1-0"]
[WhiteElo "2484"]
[BlackElo "2521"]
[PlyCount "43"]
[EventDate "2021.03.09"]
[EventType "swiss (blitz)"]
[EventRounds "11"]
[EventCountry "USA"]
[SourceTitle "CBM 201 Extra"]
[Source "ChessBase"]
[SourceDate "2021.05.31"]
[SourceVersion "1"]
[SourceVersionDate "2021.05.31"]
[SourceQuality "1"]

1. d4 d5 2. c4 e6 3. Nf3 Nf6 4. g3 c6 5. Bg2 Be7 6. 0-0 0-0 7. Qb3 b6 8. Nc3 Nbd7 9. Bf4 a5 10. cxd5 exd5 11. Rac1 Ba6 12. Rfd1 Rc8 13. Ne5 Nxe5 14. dxe5 Nd7 15. Qc2 g5 16. Qf5 gxf4 17. Be4 dxe4 18. Rxd7 Qe8 19. Nxe4 Kg7 20. gxf4 Rd8 21. Nf6 Qxd7 22. Qxh7# 1-0

[Event "Titled Tuesday intern op 29th Dec"]
[Site "Chess.com INT"]
[Date "2020.12.29"]
[Round "11"]
[White "Geller, Jakov"]
[Black "Kobo, Ori"]
[Result "1-0"]
[WhiteElo "2521"]
[BlackElo "2460"]
[PlyCount "113"]
[EventDate "2020.12.29"]
[EventType "swiss (blitz)"]
[EventRounds "11"]
[EventCountry "USA"]
[SourceTitle "CBM 200 Extra"]
[Source "ChessBase"]
[SourceDate "2021.03.31"]
[SourceVersion "1"]
[SourceVersionDate "2021.03.31"]
[SourceQuality "1"]

1. e4 c5 2. Nf3 d6 3. d4 cxd4 4. Nxd4 Nf6 5. Nc3 Nc6 6. Bg5 Bd7 7. Qd2 a6 8. Bxf6 gxf6 9. 0-0-0 e6 10. Kb1 b5 11. f4 Qb6 12. Nxc6 Bxc6 13. f5 h5 14. fxe6 fxe6 15. Bd3 b4 16. Ne2 Bh6 17. Qe1 Qc5 18. Rf1 Ke7 19. g3 Rag8 20. Nf4 Bxf4 21. gxf4 h4 22. e5 dxe5 23. fxe5 f5 24. Rf4 h3 25. Rc4 Qb6 26. Rxb4 Qa7 27. Rh4 Bf3 28. Qb4+ Kf7 29. Rf1 Bg2 30. Rc1 Qf2 31. Rxh8 Rxh8 32. Qd6 Qa7 33. Bc4 Qe7 34. Qxa6 f4 35. Rd1 f3 36. Qb6 Rc8 37. b3 Re8 38. Bb5 Kg6 39. Bxe8+ Qxe8 40. Rd8 Qe7 41. Rd6 Kf5 42. Qe3 Qc7 43. Rd4 Qxe5 44. Qd3+ Kf6 45. Rd8 Qe1+ 46. Kb2 Qe5+ 47. Ka3 Qa5+ 48. Kb2 Qe5+ 49. c3 Qe2+ 50. Qc2 Qxc2+ 51. Kxc2 Ke7 52. Rd2 e5 53. Kd3 e4+ 54. Ke3 Ke6 55. a4 Bf1 56. c4 Ke5 57. a5 1-0

[Event "Titled Tuesday intern op 29th Dec"]
[Site "Chess.com INT"]
[Date "2020.12.29"]
[Round "2"]
[White "Geller, Jakov"]
[Black "Tang, Andrew"]
[Result "0-1"]
[WhiteElo "2521"]
[BlackElo "2538"]
[PlyCount "68"]
[EventDate "2020.12.29"]
[EventType "swiss (blitz)"]
[EventRounds "11"]
[EventCountry "USA"]
[SourceTitle "CBM 200 Extra"]
[Source "ChessBase"]
[SourceDate "2021.03.31"]
[SourceVersion "1"]
[SourceVersionDate "2021.03.31"]
[SourceQuality "1"]

1. e4 e5 2. Nf3 Nc6 3. Bc4 Bc5 4. d3 Nf6 5. 0-0 a6 6. c3 Ba7 7. a4 d6 8. Re1 0-0 9. h3 Be6 10. Nbd2 Nh5 11. Bb3 Qf6 12. Nf1 Nf4 13. Bc2 g5 14. Be3 g4 15. hxg4 Bxg4 16. N1h2 Qg6 17. Bxf4 exf4 18. Nxg4 Qxg4 19. d4 Kh8 20. Nh2 Qh4 21. Qg4 Qh6 22. Qh3 Qg7 23. Nf3 Rae8 24. Nh4 Rg8 25. Nf5 Qg5 26. Bd1 Re6 27. Bf3 Ne7 28. Nxe7 Qxe7 29. Re2 Qg5 30. Rae1 Rh6 31. Qf5 Qh4 32. g3 fxg3 33. fxg3 Qxg3+ 34. Bg2 c5 0-1

[Event "Titled Tuesday intern op 29th Dec"]
[Site "Chess.com INT"]
[Date "2020.12.29"]
[Round "6"]
[White "Gokerkan, Cem Kaan"]
[Black "Geller, Jakov"]
[Result "1-0"]
[WhiteElo "2470"]
[BlackElo "2521"]
[PlyCount "81"]
[EventDate "2020.12.29"]
[EventType "swiss (blitz)"]
[EventRounds "11"]
[EventCountry "USA"]
[SourceTitle "CBM 200 Extra"]
[Source "ChessBase"]
[SourceDate "2021.03.31"]
[SourceVersion "1"]
[SourceVersionDate "2021.03.31"]
[SourceQuality "1"]

1. e4 c5 2. c3 Nf6 3. e5 Nd5 4. d4 cxd4 5. Qxd4 e6 6. Nf3 Nc6 7. Qe4 f5 8. Qe2 a6 9. g3 b5 10. Bg2 Bb7 11. 0-0 Be7 12. Nbd2 0-0 13. Nb3 Rc8 14. Rd1 Qc7 15. a4 bxa4 16. Rxa4 Qb6 17. Nbd4 Nxd4 18. Nxd4 f4 19. Be4 g6 20. Ra1 Bc5 21. Nf3 fxg3 22. hxg3 Rf7 23. c4 Nb4 24. Bxb7 Qxb7 25. Bf4 Rcf8 26. Kg2 Nc6 27. Qe4 Qxb2 28. Rf1 Nb4 29. Rab1 Qc2 30. Qxc2 Nxc2 31. Ng5 Rf5 32. Ne4 Bd4 33. Nf6+ Kg7 34. Rfd1 Bxe5 35. Bxe5 Rxe5 36. Nxd7 Rff5 37. Nxe5 Rxe5 38. Rd2 Na3 39. Rc1 Re4 40. c5 Nb5 41. c6 1-0

[Event "Titled Tuesday intern op 29th Dec"]
[Site "Chess.com INT"]
[Date "2020.12.29"]
[Round "8"]
[White "Mouhamad, Joachin"]
[Black "Geller, Jakov"]
[Result "0-1"]
[WhiteElo "2239"]
[BlackElo "2521"]
[PlyCount "86"]
[EventDate "2020.12.29"]
[EventType "swiss (blitz)"]
[EventRounds "11"]
[EventCountry "USA"]
[SourceTitle "CBM 200 Extra"]
[Source "ChessBase"]
[SourceDate "2021.03.31"]
[SourceVersion "1"]
[SourceVersionDate "2021.03.31"]
[SourceQuality "1"]

1. e4 c5 2. Nf3 e6 3. d4 cxd4 4. Nxd4 Nc6 5. Nc3 Qc7 6. Be3 a6 7. Qd2 Nf6 8. 0-0-0 Be7 9. f3 b5 10. Nxc6 dxc6 11. g4 e5 12. h4 Be6 13. g5 Nh5 14. Bh3 Bxh3 15. Rxh3 Rd8 16. Qe1 0-0 17. Ne2 Rxd1+ 18. Qxd1 Rd8 19. Qe1 a5 20. Ng3 Qd7 21. Rh1 Nxg3 22. Qxg3 Bc5 23. Qf2 Bd4 24. h5 a4 25. Bxd4 exd4 26. g6 a3 27. gxh7+ Kxh7 28. Rg1 axb2+ 29. Kb1 d3 30. Qg2 dxc2+ 31. Qxc2 Qd3 32. e5 Kh6 33. Qxd3 Rxd3 34. Kxb2 Rxf3 35. Rc1 Kxh5 36. Rxc6 g5 37. e6 fxe6 38. Rxe6 Rf5 39. Re8 Rd5 40. Rh8+ Kg4 41. Kb3 Kf3 42. Rf8+ Kg3 43. Kb4 g4 0-1

[Event "Titled Tuesday intern op 24th Nov"]
[Site "Chess.com INT"]
[Date "2020.11.24"]
[Round "2"]
[White "Geller, Jakov"]
[Black "Aldokhin, Ivan"]
[Result "0-1"]
[WhiteElo "2521"]
[BlackElo "2413"]
[PlyCount "52"]
[EventDate "2020.11.24"]
[EventType "swiss (blitz)"]
[EventRounds "11"]
[EventCountry "USA"]
[SourceTitle "CBM 199 Extra"]
[Source "ChessBase"]
[SourceDate "2021.01.31"]
[SourceVersion "1"]
[SourceVersionDate "2021.01.31"]
[SourceQuality "1"]

1. e4 c5 2. Nf3 e6 3. d4 cxd4 4. Nxd4 a6 5. Bd3 Qc7 6. 0-0 Nf6 7. Qe2 Bd6 8. Kh1 Nc6 9. Nxc6 dxc6 10. a4 h5 11. f4 e5 12. Nd2 Bg4 13. Qf2 exf4 14. Nc4 g5 15. e5 Bxe5 16. Nxe5 0-0-0 17. Nxg4 hxg4 18. Qa7 Qe5 19. Bd2 f3 20. h3 fxg2+ 21. Kxg2 Rxh3 22. Bf5+ Kc7 23. Ba5+ Qxa5 24. Qf2 Rd2 25. Rae1 Qd5+ 26. Kg1 Qh1# 0-1

[Event "Wch Blitz"]
[Site "Moscow"]
[Date "2019.12.30"]
[Round "16"]
[White "Bosiocic, Marin"]
[Black "Geller, Jakov"]
[Result "1-0"]
[WhiteElo "2623"]
[BlackElo "2521"]
[PlyCount "69"]
[EventDate "2019.12.29"]
[EventType "swiss (blitz)"]
[EventRounds "21"]
[EventCountry "RUS"]
[SourceTitle "CBM 193 Extra"]
[Source "ChessBase"]
[SourceDate "2020.01.31"]
[SourceVersion "1"]
[SourceVersionDate "2020.01.31"]
[SourceQuality "1"]

1. d4 d5 2. Nf3 Nf6 3. c4 e6 4. Nc3 c6 5. Bg5 dxc4 6. a4 Bb4 7. e4 Bxc3+ 8. bxc3 Qa5 9. Bd2 Nxe4 10. Bxc4 Nxd2 11. Qxd2 0-0 12. 0-0 Nd7 13. Rfe1 Qc7 14. a5 Rb8 15. Bd3 h6 16. Bc2 c5 17. Re4 cxd4 18. cxd4 Nf6 19. Rh4 Rd8 20. Rc1 Qe7 21. Bb1 Bd7 22. Ne5 Bc6 23. Qe3 Bd5 24. Qg3 Kf8 25. Bd3 Rbc8 26. Rf1 Rc3 27. Qe3 Ra3 28. Rxh6 gxh6 29. Qxh6+ Ke8 30. Qh8+ Qf8 31. Qxf6 Qg8 32. Bb5+ Bc6 33. Nxc6 bxc6 34. Bxc6+ Rd7 35. Rb1 1-0

[Event "Wch Blitz"]
[Site "Moscow"]
[Date "2019.12.30"]
[Round "21"]
[White "Geller, Jakov"]
[Black "Makoveev, Ilya"]
[Result "0-1"]
[WhiteElo "2521"]
[BlackElo "2277"]
[PlyCount "68"]
[EventDate "2019.12.29"]
[EventType "swiss (blitz)"]
[EventRounds "21"]
[EventCountry "RUS"]
[SourceTitle "CBM 193 Extra"]
[Source "ChessBase"]
[SourceDate "2020.01.31"]
[SourceVersion "1"]
[SourceVersionDate "2020.01.31"]
[SourceQuality "1"]

1. e4 c5 2. Nf3 d6 3. d4 cxd4 4. Nxd4 Nf6 5. Nc3 a6 6. Be3 e5 7. Nf3 Be7 8. Bc4 0-0 9. 0-0 Be6 10. Qe2 Nc6 11. Rfd1 b5 12. Bb3 Qc7 13. Bg5 Nd7 14. Nd5 Bxd5 15. exd5 Nd4 16. Nxd4 Bxg5 17. Nc6 Nc5 18. c3 f5 19. Bc2 g6 20. b4 Nd7 21. a4 bxa4 22. Rxa4 Qb6 23. Rda1 Nf6 24. Rxa6 Qb7 25. Ra7 Rxa7 26. Rxa7 Qb6 27. Qa6 Qxa6 28. Rxa6 Kh8 29. c4 e4 30. Ra7 e3 31. Kf1 Ng4 32. b5 exf2 33. b6 Be3 34. Ra1 Bxb6 0-1

[Event "Wch Blitz"]
[Site "Moscow"]
[Date "2019.12.30"]
[Round "20"]
[White "Yagupov, Igor"]
[Black "Geller, Jakov"]
[Result "0-1"]
[WhiteElo "2357"]
[BlackElo "2521"]
[PlyCount "148"]
[EventDate "2019.12.29"]
[EventType "swiss (blitz)"]
[EventRounds "21"]
[EventCountry "RUS"]
[SourceTitle "CBM 193 Extra"]
[Source "ChessBase"]
[SourceDate "2020.01.31"]
[SourceVersion "1"]
[SourceVersionDate "2020.01.31"]
[SourceQuality "1"]

1. e4 c5 2. Nf3 e6 3. d4 cxd4 4. Nxd4 Nc6 5. Nc3 Qc7 6. Be3 a6 7. Qd2 Nf6 8. f4 b5 9. e5 Ng4 10. Bg1 Bb7 11. 0-0-0 Rc8 12. Kb1 Nxd4 13. Bxd4 Nh6 14. Bd3 Be7 15. h3 Nf5 16. Bxf5 exf5 17. Rhg1 b4 18. Na4 Be4 19. Rc1 Qc6 20. b3 0-0 21. g4 d6 22. exd6 Qxd6 23. gxf5 Bf6 24. Bxf6 Qxf6 25. Qxb4 Qxf5 26. Nc3 Bc6 27. Kb2 Rfe8 28. Rg5 Qf6 29. Rcg1 g6 30. Rc5 Bf3 31. Rg3 Rxc5 32. Qxc5 Qxf4 33. Qf2 Re3 34. Rg4 Qe5 35. Rc4 Kg7 36. a4 a5 37. Qd2 h5 38. h4 Bg4 39. Qd4 Qxd4 40. Rxd4 f5 41. Rd7+ Kf6 42. Nd5+ Ke6 43. Re7+ Kxd5 44. Rxe3 f4 45. Re1 f3 46. Kc3 Bh3 47. Rd1+ Ke4 48. Rd2 Ke3 49. Rd3+ Ke2 50. Rd2+ Ke1 51. Rh2 Bg2 52. b4 axb4+ 53. Kxb4 f2 54. Rxg2 f1Q 55. Rxg6 Qf4+ 56. Kb3 Qe3+ 57. Kb2 Qd4+ 58. c3 Qd2+ 59. Kb3 Qd1+ 60. Kc4 Qxa4+ 61. Kd5 Qxh4 62. Re6+ Kd2 63. c4 Kc3 64. c5 Qd4+ 65. Kc6 h4 66. Rd6 Qc4 67. Kb6 Qb4+ 68. Kc6 h3 69. Rh6 Qa4+ 70. Kb6 Qb4+ 71. Kc6 Qg4 72. Kb6 Qg3 73. Kb5 h2 74. Rh7 Qd3+ 0-1

[Event "Wch Blitz"]
[Site "Moscow"]
[Date "2019.12.29"]
[Round "2"]
[White "Geller, Jakov"]
[Black "Cheparinov, Ivan"]
[Result "1/2-1/2"]
[WhiteElo "2521"]
[BlackElo "2687"]
[PlyCount "81"]
[EventDate "2019.12.29"]
[EventType "swiss (blitz)"]
[EventRounds "21"]
[EventCountry "RUS"]
[SourceTitle "CBM 193 Extra"]
[Source "ChessBase"]
[SourceDate "2020.01.31"]
[SourceVersion "1"]
[SourceVersionDate "2020.01.31"]
[SourceQuality "1"]

1. e4 c5 2. Nf3 d6 3. Bb5+ Nd7 4. 0-0 a6 5. Bxd7+ Bxd7 6. d4 cxd4 7. Qxd4 Rc8 8. c4 Nf6 9. Nc3 g6 10. b3 Bg7 11. Bb2 0-0 12. a4 Bc6 13. Nd5 Bxd5 14. exd5 Nh5 15. Qd2 Bxb2 16. Qxb2 Qa5 17. Rfe1 Rfe8 18. Qd2 Qxd2 19. Nxd2 a5 20. Rab1 Nf6 21. b4 Ra8 22. g3 Nd7 23. c5 dxc5 24. bxa5 Ra7 25. Nc4 Kf8 26. Rb5 Rc8 27. Reb1 Rc7 28. h4 h5 29. Kg2 Nf6 30. d6 exd6 31. Nxd6 c4 32. Nxb7 c3 33. Nd6 c2 34. Rc1 Ra6 35. Rb8+ Kg7 36. Rb7 Rxb7 37. Nxb7 Rc6 38. a6 Rxa6 39. Rxc2 Rxa4 40. Nd6 Ra7 41. Rb2 1/2-1/2

[Event "Wch Blitz"]
[Site "Moscow"]
[Date "2019.12.29"]
[Round "6"]
[White "Geller, Jakov"]
[Black "Huzman, Alexander"]
[Result "1/2-1/2"]
[WhiteElo "2521"]
[BlackElo "2567"]
[PlyCount "97"]
[EventDate "2019.12.29"]
[EventType "swiss (blitz)"]
[EventRounds "21"]
[EventCountry "RUS"]
[SourceTitle "CBM 193 Extra"]
[Source "ChessBase"]
[SourceDate "2020.01.31"]
[SourceVersion "1"]
[SourceVersionDate "2020.01.31"]
[SourceQuality "1"]

1. e4 e6 2. d4 d5 3. Nc3 dxe4 4. Nxe4 Nd7 5. Nf3 Ngf6 6. Bg5 h6 7. Nxf6+ Nxf6 8. Bh4 c5 9. Bc4 cxd4 10. 0-0 Be7 11. Qe2 0-0 12. Rad1 Qb6 13. Nxd4 Qxb2 14. Nf5 exf5 15. Qxe7 Be6 16. Bxe6 fxe6 17. Rb1 Qxa2 18. Rxb7 Nh5 19. f4 Rae8 20. Qd7 Rc8 21. Be7 Rfe8 22. Bd6 Qd5 23. c4 Qd4+ 24. Kh1 Qf6 25. c5 a5 26. Ra7 Red8 27. Qb7 Qg6 28. Rxa5 Nf6 29. Ra7 Re8 30. c6 Nd5 31. Be5 Nf6 32. Rd1 Rf8 33. c7 Ne4 34. Qb6 Kh7 35. Kg1 Qg4 36. Rf1 Qe2 37. Ra3 Rf7 38. Re3 Qc2 39. Qxe6 Rcxc7 40. Bxc7 Qxc7 41. h3 Qc5 42. Rff3 Rf6 43. Qe5 Qc1+ 44. Kh2 Nd2 45. Rf2 Nf1+ 46. Rxf1 Qxf1 47. Rg3 Qc4 48. Qe7 Qf7 49. Qxf7 1/2-1/2

[Event "Wch Blitz"]
[Site "Moscow"]
[Date "2019.12.29"]
[Round "1"]
[White "Indjic, Aleksandar"]
[Black "Geller, Jakov"]
[Result "0-1"]
[WhiteElo "2619"]
[BlackElo "2521"]
[PlyCount "80"]
[EventDate "2019.12.29"]
[EventType "swiss (blitz)"]
[EventRounds "21"]
[EventCountry "RUS"]
[SourceTitle "CBM 193 Extra"]
[Source "ChessBase"]
[SourceDate "2020.01.31"]
[SourceVersion "1"]
[SourceVersionDate "2020.01.31"]
[SourceQuality "1"]

1. e4 c5 2. Nc3 e6 3. g3 a6 4. Bg2 b5 5. f4 Bb7 6. d3 d5 7. Qe2 Nf6 8. e5 Nfd7 9. Nf3 b4 10. Nd1 Nc6 11. 0-0 g6 12. h4 h5 13. c3 bxc3 14. bxc3 Ne7 15. Ne3 Bg7 16. Ng5 Rb8 17. Bd2 0-0 18. g4 d4 19. cxd4 cxd4 20. Nc4 Bxg2 21. Qxg2 hxg4 22. Qxg4 Nc5 23. Rf3 Qd5 24. Nd6 Rb2 25. Be1 Rxa2 26. Rb1 Nf5 27. Bf2 Ne3 28. Bxe3 dxe3 29. h5 Qxd3 30. Rbf1 Qd2 31. Qg3 e2 32. Re1 Rd8 33. hxg6 fxg6 34. Nge4 Nxe4 35. Nxe4 Qd4+ 36. Kg2 Qxe4 37. Qh4 Rd3 38. Qf2 Rxf3 39. Qxf3 Qxf3+ 40. Kxf3 Kf7 0-1

[Event "Wch Blitz"]
[Site "Moscow"]
[Date "2019.12.29"]
[Round "3"]
[White "Petrov, Nikita"]
[Black "Geller, Jakov"]
[Result "1-0"]
[WhiteElo "2585"]
[BlackElo "2521"]
[PlyCount "140"]
[EventDate "2019.12.29"]
[EventType "swiss (blitz)"]
[EventRounds "21"]
[EventCountry "RUS"]
[SourceTitle "CBM 193 Extra"]
[Source "ChessBase"]
[SourceDate "2020.01.31"]
[SourceVersion "1"]
[SourceVersionDate "2020.01.31"]
[SourceQuality "1"]

1. c4 e6 2. Nc3 d5 3. d4 c6 4. e3 Nf6 5. b3 Bd6 6. Bd3 0-0 7. Nge2 b6 8. Ng3 c5 9. 0-0 cxd4 10. exd4 Bb7 11. cxd5 Nxd5 12. Nce4 Bf4 13. Ba3 Re8 14. Qh5 g6 15. Qe2 Nc6 16. Bb2 Bh6 17. Bc4 Bg7 18. Rad1 a6 19. Rfe1 b5 20. Nc5 Rb8 21. Nxb7 Rxb7 22. Bxd5 Qxd5 23. Ne4 Rbb8 24. Qe3 Ne7 25. Nc3 Qd7 26. Qf3 Red8 27. d5 exd5 28. Rd2 d4 29. Ne4 Qf5 30. Qg3 Nc6 31. Nd6 Qd5 32. Ne4 d3 33. Nf6+ Bxf6 34. Bxf6 Re8 35. Red1 Qe6 36. Be5 Qxe5 37. Qxd3 Qe1+ 38. Qf1 Qxf1+ 39. Kxf1 Kg7 40. Rd7 Rbd8 41. g3 Rxd7 42. Rxd7 Re6 43. Rb7 Nb4 44. a4 bxa4 45. Rxb4 axb3 46. Rxb3 a5 47. Ra3 Ra6 48. Ke2 Kf6 49. Kd3 Ke5 50. Kc4 Ke4 51. Re3+ Kf5 52. Rf3+ Ke6 53. Re3+ Kd6 54. Kb5 Ra8 55. Ra3 a4 56. Kb6 Kd5 57. Kb7 Re8 58. Rxa4 Re1 59. Rf4 f5 60. h4 Ke5 61. Kc7 Rd1 62. Kc6 Rd2 63. Kc5 h6 64. Kc4 g5 65. hxg5 hxg5 66. Rf3 g4 67. Kc3 Re2 68. Rf4 Re4 69. Rxe4+ Kxe4 70. Kd2 Kf3 1-0

[Event "Wch Rapid"]
[Site "Moscow"]
[Date "2019.12.28"]
[Round "13"]
[White "Guseinov, Gadir"]
[Black "Geller, Jakov"]
[Result "1-0"]
[WhiteElo "2666"]
[BlackElo "2521"]
[PlyCount "49"]
[EventDate "2019.12.26"]
[EventType "swiss (rapid)"]
[EventRounds "15"]
[EventCountry "RUS"]
[SourceTitle "CBM 193 Extra"]
[Source "ChessBase"]
[SourceDate "2020.01.31"]
[SourceVersion "1"]
[SourceVersionDate "2020.01.31"]
[SourceQuality "1"]

1. e4 c5 2. Nc3 a6 3. Nf3 e6 4. d4 cxd4 5. Nxd4 Qc7 6. Bd3 Nf6 7. 0-0 Be7 8. Kh1 d6 9. f4 b5 10. e5 dxe5 11. fxe5 Qxe5 12. Bf4 Qc5 13. Qf3 Qa7 14. Ndxb5 axb5 15. Nxb5 Bb7 16. Qg3 Nh5 17. Qg4 Bxg2+ 18. Qxg2 Nxf4 19. Rxf4 Qa5 20. b4 Bxb4 21. Rxb4 0-0 22. Rh4 g6 23. Qh3 Nd7 24. Rxh7 Qd2 25. Rf1 1-0